Statistics for All the young dudes characters

Click here to take the quiz!

General Stats

  • This quiz has been taken 17 times
  • The average score is 30 of 60

Answer Stats

Answer% Correct
James Potter
100%
Lily Evans
100%
Mary McDonald
100%
Peter Pettigrew
100%
Remus Lupin
100%
Severus Snape
100%
Sirius Black
100%
Dorcas Meadowes
94%
Marlene McKinnon
94%
Regulus Black
94%
Grant Chapman
88%
Narcissa Black
88%
Albus Dumbledore
82%
Barthemius Crouch Jr.
82%
Warburga Black
82%
Bellatrix Lestrange
76%
Euphemia Potter
76%
Harry Potter
76%
Orion Black
76%
Minerva McGonnagall
71%
Andromeda Black
65%
Hope Lupin
65%
Lucius Malfoy
65%
Christopher Barley
59%
Fleamont Potter
59%
Lyall Lupin
59%
Poppy Pomfrey
59%
Frank Longbottom
53%
Fenrir Greyback
47%
Alice Longbottom
41%
Desdemona Lewis
41%
Horace Slughorn
41%
Mulciber Sr.
41%
Ted Tonks
41%
Alastor Moody
35%
Emmeline Vance
35%
Leo Ferox
35%
Livia
35%
Matron
35%
Arthur Weasley
29%
Evan Rosier
29%
Molly Prewett
29%
Voldemort
29%
Yaz Patel
29%
Castor
24%
Nymphadora Tonks
24%
Philomena Pettigrew
24%
Pandora Lovegood
18%
Danny McKinnon
12%
Fabian Prewett
12%
Gideon Prewett
12%
Gilderoy Lockhart
12%
Druella Black
6%
Gaius
6%
Kingsley Shacklebolt
6%
Roman Rotherhide
6%
Xenophilius Lovegood
6%
Åsa Barley
0%
Cerci Greengrass
0%
Pollux
0%

Score Distribution

Percentile by Number Answered

Percent of People with Each Score

Your Score History

You have not taken this quiz